Diálogos por Chile: 60 desafíos para una renovada convivencia nacional.

Saved in:
Bibliografiske detaljer
Hovedforfatter: Brahm, Sofía (editora)
Andre forfattere: Errazuríz, María de los Ángeles (editora), García, Nicolás (Editor)
Format: Bog
Udgivet: Santiago, Chile: Pontificia Universidad Católica de Chile, Dirección de Pastoral y Cultura Cristiana, 2021.
Fag:
Tags: Tilføj Tag
Ingen Tags, Vær først til at tagge denne postø!

MARC

LEADER 00000nam a22000007a 4500
003 CL-VaPUC
005 20250421114136.0
008 221007t2021 ||||| |||| 00| 0 eng d
999 |c 439126  |d 439124 
020 |a 978-956-14-2787-7 
040 |c Pontificia Universidad Católica de Valparaíso 
082 0 4 |2 22  |a 261 BRA 2021 
100 1 |a Brahm, Sofía  |e editora  |9 877481 
245 1 0 |a Diálogos por Chile: 60 desafíos para una renovada convivencia nacional. 
260 |a Santiago, Chile:  |b Pontificia Universidad Católica de Chile, Dirección de Pastoral y Cultura Cristiana,  |c 2021. 
300 |a 153 páginas. 
500 |a c.1. Donación Rector saliente Claudio Elortegui, Julio 2022. 
583 |c 20221007  |k Catalogador Asistente 
600 0 |a Francisco,   |c Papa  |d 1936-2025  |9 878298 
650 1 |a Iglesia Católica y problemas sociales  |x Diálogos  |9 878781 
650 1 |a Iglesia Católica y política  |x Diálogos  |9 878782 
650 1 |a Iglesia Católica y economía  |x Diálogos  |9 878783 
650 1 |a Iglesia Católica y salud  |x Diálogos  |9 878787 
650 1 |a Iglesia Católica y medioambiente  |x Diálogos  |9 878784 
650 1 |a Iglesia Católica y familia  |x Diálogos  |9 878785 
650 1 |a Iglesia Católica y constitución  |x Diálogos  |9 878786 
700 |a Errazuríz, María de los Ángeles  |e editora  |9 877482 
700 |a García, Nicolás  |e editor  |9 877483 
942 |2 ddc  |c BK 
952 |0 0  |1 0  |2 ddc  |4 0  |6 261_000000000000000_BRA_2021  |7 0  |8 A  |9 587155  |a BIBTEO  |b BIBTEO  |c GEN  |d 2022-10-07  |e Donación  |i 5655093  |o 261 BRA 2021  |p 5655093  |r 2025-01-17  |t 1  |w 2022-10-07  |y BK  |k ICR